Music Quiz

Random Music or Billboard Quiz

All Artists With A Top 40 Hit in the 2000s (J) Quiz Stats

 Plays Quiz not verified by Sporcle

Score 0/30 Timer 05:00
0 Plays Today
% Correct
Jay-Z
92%
Jet
83.2%
Jimmy Eat World
82.5%
Janet Jackson
78.1%
Norah Jones
70.8%
Alan Jackson
67.9%
Michael Jackson
66.4%
J-Kwon
60.6%
John Legend
59.1%
Jojo
59.1%
Jewel
57.7%
Ja Rule
56.2%
Joe
54%
Jeremih
51.8%
Jonas Brothers
49.6%
% Correct
Juvenile
45.3%
Wyclef Jean
42.3%
Jack Johnson
40.9%
Jagged Edge
40.1%
Jibbs
38.7%
Jim Jones
35.8%
Montell Jordan
32.8%
Jadakiss
30.7%
Jessie James
28.5%
Mike Jones
24.8%
Buddy Jewell
22.6%
Jaheim
19.7%
Lyfe Jennings
16.1%
Donell Jones
14.6%
J-Shin
11.7%

You're not logged in!

Compare scores with friends on all Sporcle quizzes.
OR
Log In

You Might Also Like...

Show Comments

Extras

Top Quizzes Today


Score Distribution

Your Account Isn't Verified!

In order to create a playlist on Sporcle, you need to verify the email address you used during registration. Go to your Sporcle Settings to finish the process.

Report this User

Report this user for behavior that violates our Community Guidelines.

Details: